Dykes : lesbiche/lelle/invertite : [storie di tipe toste, amore, sesso, politica nell'America di oggi] /
Guardado en:
| Autor principal: | |
|---|---|
| Otros Autores: | |
| Formato: | Libro |
| Lenguaje: | italiano |
| Publicado: |
Milano :
BUR,
2009
|
| Colección: | 24/7
|
| Etiquetas: |
Sin Etiquetas, Sea el primero en etiquetar este registro!
|
MARC
| LEADER | 00000nam a22000007i 4500 | ||
|---|---|---|---|
| 001 | IT\ICCU\UBO\3663365 | ||
| 003 | ItRI | ||
| 005 | 20260115232049.0 | ||
| 008 | 090720s2009 it |||||| ||||| |||||c | ||
| 020 | |a 9788817032773 | ||
| 040 | |b ita |c importazione bologna sebina | ||
| 041 | 7 | |a ita |2 ISO-639-2 | |
| 082 | |a 741.5973 |9 RACCOLTE DI VIGNETTE, CARICATURE, FUMETTI. Stati Uniti |2 21 | ||
| 100 | 1 | |a Bechdel, Alison |0 IT\ICCU\UBOV\162483 |4 aut | |
| 240 | 1 | 4 | |a The essential dykes to watch out for |3 IT\ICCU\UBO\3667554 |9 Bechdel, Alison |
| 245 | 1 | 0 | |a Dykes : |b lesbiche/lelle/invertite : [storie di tipe toste, amore, sesso, politica nell'America di oggi] / |c Alison Bechdel ; prefazione di Melissa P. |
| 260 | |a Milano : |b BUR, |c 2009 | ||
| 300 | |a XXVI, 258 p. : |b in gran parte ill. ; |c 24 cm | ||
| 700 | 0 | |a Melissa P. |0 IT\ICCU\RAVV\358366 |4 aui | |
| 790 | 1 | |a P., Melissa |3 IT\ICCU\SBNV\006394 |z Melissa P. | |
| 790 | 1 | |a Panarello, Melissa |3 IT\ICCU\CFIV\212984 |z Melissa P. | |
| 830 | 0 | |a 24/7 |0 IT\ICCU\LO1\1047903 | |
| 942 | |2 ddc |c BK |n 0 | ||
| 952 | |0 0 |1 0 |4 0 |6 F_741_597000000000000_BEC |7 0 |9 19410 |a BO |b BO |d 2026-01-15 |i 12930 |l 0 |o F 741.597 BEC |p BO12930 |r 2026-01-15 23:20:49 |w 2026-01-15 |x [Sebina 5] [1 v.] |y BK |z 1 v. | ||
| 952 | |0 0 |1 0 |4 0 |6 F_741_597000000000000_BEC |7 0 |9 19411 |a BO |b BO |d 2026-01-15 |i 15030 |l 0 |o F 741.597 BEC |p BO15030 |r 2026-01-15 23:20:49 |w 2026-01-15 |x [Sebina 5] [1 v.] |y BK |z 1 v. (3. copia) | ||
| 952 | |0 0 |1 0 |4 0 |6 F_741_597000000000000_BEC |7 0 |9 19412 |a BO |b BO |d 2026-01-15 |i 14206 |l 0 |o F 741.597 BEC |p BO14206 |r 2026-01-15 23:20:49 |w 2026-01-15 |x [Sebina 5] [1 v.] |y BK |z 1 v. (2. copia) | ||
| 999 | |c 16524 |d 16524 | ||